[Event "Daqing Boyi Cup-A"]
[Site "Daqing"]
[Date "2023.08.16"]
[Round "8"]
[White "Li, Dongcheng"]
[Black "Jiang, Haochen"]
[Result "0-1"]
[WhiteElo "1938"]
[BlackElo "2018"]
[PlyCount "84"]
[EventDate "2023.08.13"]
[EventType "swiss"]
[EventRounds "9"]
[EventCountry "CHN"]
[SourceTitle "EXT 2024"]
[Source "ChessBase"]
[SourceDate "2023.10.10"]
[SourceVersion "1"]
[SourceVersionDate "2023.10.10"]
[SourceQuality "1"]

1. e4 d6 2. d4 Nf6 3. Nc3 e5 4. Nf3 exd4 5. Nxd4 Be7 6. Bf4 0-0 7. Qd2 Nc6 8. 0-0-0 Nxd4 9. Qxd4 Be6 10. f3 Nd7 11. Qd2 Ne5 12. Kb1 c6 13. h4 b5 14. Qe1 Qc7 15. Ne2 a5 16. Nd4 Kh8 17. Bg5 Rae8 18. f4 Ng4 19. Qg3 Bd7 20. Bd3 Qb6 21. Be2 Nf6 22. Bf3 Bd8 23. f5 c5 24. Ne2 Bc6 25. Nf4 Nxe4 26. Bxe4 Bxe4 27. Rxd6 Qxd6 28. Ng6+ fxg6 29. Qxd6 gxf5 30. Qxc5 Bxg2 31. Rd1 Bxg5 32. hxg5 f4 33. a4 f3 34. Rd2 Rc8 35. Qd4 bxa4 36. Kc1 Bh3 37. g6 Bf5 38. gxh7 Bxc2 39. Qh4 Bb3+ 40. Kb1 f2 41. Rxf2 Rxf2 42. Qxf2 Rd8 0-1

[Event "Daqing Boyi Cup-A"]
[Site "Daqing"]
[Date "2023.08.13"]
[Round "1"]
[White "Li, Dongcheng"]
[Black "Mungunzul, Bat Erdene"]
[Result "1/2-1/2"]
[WhiteElo "1938"]
[BlackElo "2239"]
[PlyCount "123"]
[EventDate "2023.08.13"]
[EventType "swiss"]
[EventRounds "9"]
[EventCountry "CHN"]
[SourceTitle "EXT 2024"]
[Source "ChessBase"]
[SourceDate "2023.10.10"]
[SourceVersion "1"]
[SourceVersionDate "2023.10.10"]
[SourceQuality "1"]

1. e4 e5 2. Nf3 Nc6 3. Bb5 a6 4. Ba4 Nf6 5. d4 exd4 6. 0-0 Be7 7. Re1 0-0 8. e5 Ne8 9. h3 f6 10. c3 fxe5 11. Nxe5 Nxe5 12. Rxe5 Bf6 13. Bb3+ Kh8 14. Re1 d5 15. Qh5 g6 16. Qxd5 Qxd5 17. Bxd5 Ng7 18. cxd4 Bxd4 19. Re2 c6 20. Bb3 Bf5 21. Nc3 Rfe8 22. Be3 Bd3 23. Bxd4 Bxe2 24. Nxe2 Rxe2 25. Rd1 Rae8 26. Kf1 R2e7 27. Bf6 Rc7 28. Bd8 Rc8 29. Bf6 Rf8 30. Be7 Rf4 31. Rd7 Ne8 32. Bc5 b5 33. g3 Rf6 34. Bf7 Rxf7 35. Rxf7 Kg8 36. Ra7 Nc7 37. Bd6 Nd5 38. Rxa6 Kf7 39. Ra7+ Ke6 40. Bc5 Nf6 41. Ke2 Kd5 42. Be3 c5 43. Rf7 Rc6 44. g4 Ke6 45. Rb7 b4 46. Kd3 c4+ 47. Kc2 Nd5 48. a4 Ra6 49. b3 Rc6 50. Bd4 h5 51. gxh5 gxh5 52. Rh7 Kf5 53. Rxh5+ Ke4 54. Rh4+ Kf3 55. bxc4 Rxc4+ 56. Kb3 Rc6 57. Rg4 Rc1 58. a5 Rc6 59. Rg3+ Ke4 60. Bg7 Ra6 61. h4 Rxa5 62. Bb2 1/2-1/2

[Event "Belt and Road Hunan op-C"]
[Site "Changsha"]
[Date "2019.07.31"]
[Round "5"]
[White "Wang, Zimo"]
[Black "Li, Dongcheng"]
[Result "0-1"]
[WhiteElo "1293"]
[BlackElo "1992"]
[PlyCount "44"]
[EventDate "2019.07.29"]
[EventType "swiss"]
[EventRounds "9"]
[EventCountry "CHN"]
[SourceTitle "EXT 2020"]
[Source "ChessBase"]
[SourceDate "2019.10.17"]
[SourceVersion "1"]
[SourceVersionDate "2019.10.17"]
[SourceQuality "1"]

1. d4 Nf6 2. c4 e6 3. Nf3 b6 4. g3 Bb7 5. Bg2 Be7 6. 0-0 0-0 7. Nc3 Ne4 8. Qc2 Nxc3 9. Qxc3 d6 10. Rd1 c5 11. Bf4 Nc6 12. Be3 Bf6 13. Qb3 Qe7 14. Rd2 e5 15. dxe5 dxe5 16. Rad1 e4 17. Ne1 Bd4 18. Bxd4 Nxd4 19. Qc3 Rad8 20. Nc2 Nxe2+ 21. Rxe2 Rxd1+ 22. Re1 Rfd8 0-1

[Event "Da Qing U20 op-A"]
[Site "Da Qing"]
[Date "2019.01.24"]
[Round "9"]
[White "Li, Dongcheng"]
[Black "Marin, Sam"]
[Result "0-1"]
[WhiteElo "2047"]
[BlackElo "2038"]
[PlyCount "70"]
[EventDate "2019.01.20"]
[EventType "swiss"]
[EventRounds "9"]
[EventCountry "CHN"]
[SourceTitle "CBM 188 Extra"]
[Source "ChessBase"]
[SourceDate "2019.02.26"]
[SourceVersion "1"]
[SourceVersionDate "2019.02.26"]
[SourceQuality "1"]

1. e4 e5 2. Nf3 Nc6 3. Bb5 a6 4. Ba4 Nf6 5. d4 exd4 6. 0-0 Be7 7. e5 Ne4 8. Re1 Nc5 9. Bxc6 dxc6 10. Nxd4 0-0 11. Nc3 Re8 12. Be3 Bf8 13. f4 f6 14. exf6 Qxf6 15. Qf3 b6 16. Qxc6 Rxe3 17. Qd5+ Be6 18. Nxe6 c6 19. Qxc6 Qxe6 20. Qxe6+ Rxe6 21. Nd5 Rae8 22. Rxe6 Rxe6 23. Kf1 Kf7 24. Rd1 Rd6 25. c4 Ne4 26. Ke2 Nf6 27. Kf3 Nxd5 28. cxd5 Rh6 29. h3 Ke7 30. Rc1 Kd7 31. Ke4 Rg6 32. g4 Rh6 33. Rc3 Bc5 34. f5 Rf6 35. Rc4 Rf8 0-1

[Event "Da Qing U20 op-A"]
[Site "Da Qing"]
[Date "2019.01.22"]
[Round "5"]
[White "Li, Dongcheng"]
[Black "Mordido, Kylen Joy"]
[Result "1-0"]
[WhiteElo "2047"]
[BlackElo "1985"]
[PlyCount "59"]
[EventDate "2019.01.20"]
[EventType "swiss"]
[EventRounds "9"]
[EventCountry "CHN"]
[SourceTitle "CBM 188 Extra"]
[Source "ChessBase"]
[SourceDate "2019.02.26"]
[SourceVersion "1"]
[SourceVersionDate "2019.02.26"]
[SourceQuality "1"]

1. e4 c5 2. Nf3 e6 3. Nc3 a6 4. Be2 Nc6 5. 0-0 d6 6. d4 cxd4 7. Nxd4 Bd7 8. a4 Nf6 9. Be3 Qc7 10. Nb3 b6 11. f4 Be7 12. Qe1 0-0 13. Qf2 Rfb8 14. g4 Bc8 15. g5 Nd7 16. Qh4 Bb7 17. Rf3 Nb4 18. Rh3 Nf8 19. f5 f6 20. g6 d5 21. Nd4 exf5 22. Ne6 Qd7 23. Nxf8 Kxf8 24. gxh7 Kf7 25. Bh5+ g6 26. Bxg6+ Kxg6 27. Qh5+ Kg7 28. Rg3+ Kh8 29. Qf7 Bc5 30. Qxf6+ 1-0

[Event "Da Qing U20 op-A"]
[Site "Da Qing"]
[Date "2019.01.22"]
[Round "6"]
[White "Li, Guohao"]
[Black "Li, Dongcheng"]
[Result "1/2-1/2"]
[WhiteElo "2046"]
[BlackElo "2047"]
[PlyCount "60"]
[EventDate "2019.01.20"]
[EventType "swiss"]
[EventRounds "9"]
[EventCountry "CHN"]
[SourceTitle "CBM 188 Extra"]
[Source "ChessBase"]
[SourceDate "2019.02.26"]
[SourceVersion "1"]
[SourceVersionDate "2019.02.26"]
[SourceQuality "1"]

1. d4 Nf6 2. c4 e6 3. Nc3 Bb4 4. e3 b6 5. Bd3 Bb7 6. Nge2 Bxg2 7. Rg1 Be4 8. a3 Bxc3+ 9. Nxc3 Bg6 10. e4 d6 11. f4 Nbd7 12. Qf3 e5 13. Be3 exf4 14. Bxf4 Qe7 15. Nb5 0-0 16. 0-0-0 Nxe4 17. Rxg6 fxg6 18. Qxe4 Qxe4 19. Bxe4 Rac8 20. Bb7 Rb8 21. Bd5+ Kh8 22. Bg3 Nf6 23. Bg2 Nh5 24. Bd5 Nxg3 25. hxg3 Rbe8 26. Nxc7 Re3 27. Rg1 Rf2 28. Nb5 Ree2 29. Nxd6 Rc2+ 30. Kb1 Rxb2+ 1/2-1/2

[Event "Da Qing U20 op-A"]
[Site "Da Qing"]
[Date "2019.01.21"]
[Round "4"]
[White "Guo, Weibao"]
[Black "Li, Dongcheng"]
[Result "1/2-1/2"]
[WhiteElo "1858"]
[BlackElo "2047"]
[PlyCount "44"]
[EventDate "2019.01.20"]
[EventType "swiss"]
[EventRounds "9"]
[EventCountry "CHN"]
[SourceTitle "CBM 188 Extra"]
[Source "ChessBase"]
[SourceDate "2019.02.26"]
[SourceVersion "1"]
[SourceVersionDate "2019.02.26"]
[SourceQuality "1"]

1. d4 f5 2. c4 Nf6 3. Nf3 e6 4. g3 d5 5. Bg2 c6 6. 0-0 Bd6 7. b3 Qe7 8. Bb2 0-0 9. Qc1 b6 10. Ba3 Bxa3 11. Qxa3 Qxa3 12. Nxa3 Nbd7 13. Rac1 Ba6 14. e3 Ne4 15. Rfd1 Rfc8 16. Nd2 Ndf6 17. Kh1 Kh8 18. Kg1 Kg8 19. Kh1 Kh8 20. Kg1 Kg8 21. Kh1 Kh8 22. Kg1 Kg8 1/2-1/2

[Event "Asian Amateur-ch"]
[Site "Zhengzhou"]
[Date "2019.01.01"]
[Round "2"]
[White "Li, Dongcheng"]
[Black "Peng, Xinbei"]
[Result "1-0"]
[WhiteElo "2047"]
[BlackElo "1695"]
[PlyCount "77"]
[EventDate "2018.12.31"]
[EventType "swiss"]
[EventRounds "9"]
[EventCountry "CHN"]
[SourceTitle "CBM 188 Extra"]
[Source "ChessBase"]
[SourceDate "2019.02.26"]
[SourceVersion "1"]
[SourceVersionDate "2019.02.26"]
[SourceQuality "1"]

1. e4 e5 2. Nf3 Nc6 3. Bb5 a6 4. Ba4 Nf6 5. d4 exd4 6. 0-0 Be7 7. e5 Ne4 8. Re1 Nc5 9. Bxc6 dxc6 10. Nxd4 0-0 11. Nc3 Be6 12. f4 Qd7 13. Be3 Rad8 14. Qf3 Bg4 15. Qg3 f6 16. Bf2 fxe5 17. fxe5 Rxf2 18. Nxc6 Rxg2+ 19. Qxg2 bxc6 20. Kh1 Rf8 21. Re3 Bh4 22. e6 Bxe6 23. Rd1 Qf7 24. b4 Nd7 25. Qe4 Bd5 26. Nxd5 Qh5 27. Nc3 Nf6 28. Qc4+ Kh8 29. Rf1 Bg5 30. Qc5 Rd8 31. Rd3 Re8 32. Qxc6 Ng4 33. Rh3 Nf2+ 34. Rxf2 Re1+ 35. Kg2 Qg4+ 36. Rg3 Qxb4 37. Qa8+ Re8 38. Qxe8+ Qf8 39. Rxf8# 1-0

[Event "Asian Amateur-ch"]
[Site "Zhengzhou"]
[Date "2018.12.31"]
[Round "1"]
[White "Sun, Chuyue"]
[Black "Li, Dongcheng"]
[Result "0-1"]
[WhiteElo "1026"]
[BlackElo "2047"]
[PlyCount "36"]
[EventDate "2018.12.31"]
[EventType "swiss"]
[EventRounds "9"]
[EventCountry "CHN"]
[SourceTitle "CBM 188 Extra"]
[Source "ChessBase"]
[SourceDate "2019.02.26"]
[SourceVersion "1"]
[SourceVersionDate "2019.02.26"]
[SourceQuality "1"]

1. e4 e5 2. Nf3 Nc6 3. Bc4 Bc5 4. Nc3 Nf6 5. a3 d6 6. h3 Be6 7. Ba2 Bxa2 8. Rxa2 Qd7 9. d3 0-0-0 10. 0-0 h6 11. Qe2 g5 12. Ra1 Rdg8 13. Nd5 Nxd5 14. exd5 Ne7 15. c4 g4 16. hxg4 Qxg4 17. g3 Qxg3+ 18. Kh1 Qg2# 0-1